[Event "BL2-W9697"]
[Site "Germany"]
[Date "1996.??.??"]
[Round "?.7"]
[White "Michalczak, Thomas"]
[Black "Doering, Thomas"]
[Result "1-0"]
[WhiteElo "2250"]
[BlackElo "2210"]

1.e4 c5 2.c3 Nf6 3.e5 Nd5 4.d4 cxd4 5.Nf3 e6 6.cxd4 b6 7.Nc3 Nxc3 8.bxc3 Qc7
9.Bd2 d6 10.Bd3 Nd7 11.O-O dxe5 12.Ng5 Bb7 13.Qh5 g6 14.Qh3 Be7 15.Rfe1 Bd5
16.c4 Bb7 17.dxe5 Nc5 18.Bf1 Rd8 19.Bf4 h5 20.Rad1 Kf8 21.Rxd8+ Qxd8 22.Qe3 Kg7
23.Be2 Qc7 24.Rd1 Qc6 25.f3 Qa4 26.Rd2 Qb4 27.h4 Ba6 28.Kh2 Rc8 29.Bg3 Bxc4
30.Rd4 b5 31.Nxf7 Kxf7 32.Qh6 Bf8 33.Qh7+ Ke8 34.Qxg6+ Ke7 35.Qf6+ Ke8 36.f4 Bxe2
37.Rxb4 Rc6 38.Rd4 Be7 39.Qg6+ Kf8 40.f5  1-0

[Event "Hessenliga 9596"]
[Site "Germany"]
[Date "1996.??.??"]
[Round "?"]
[White "Rasch, Holger"]
[Black "Schaefer, Michael"]
[Result "1-0"]
[WhiteElo "2240"]
[BlackElo "2190"]

1.e4 c5 2.c3 Nf6 3.e5 Nd5 4.d4 cxd4 5.Nf3 e6 6.cxd4 b6 7.Nc3 Nxc3 8.bxc3 Qc7
9.Bd2 Bb7 10.Bd3 d6 11.Qe2 Nd7 12.O-O dxe5 13.Nxe5 Nxe5 14.dxe5 Be7 15.Rad1 O-O
16.h4 Rfd8 17.f4 Rd7 18.f5 Qd8 19.Bg5 Bxg5 20.fxe6 fxe6 21.hxg5 Qe7 22.Bxh7+  1-0

[Event "BL2-N9596"]
[Site "Germany"]
[Date "1996.??.??"]
[Round "?"]
[White "Rahls, Peter"]
[Black "Pachow, Joerg"]
[Result "1-0"]
[WhiteElo "2205"]
[BlackElo "2305"]

1.e4 c5 2.c3 Nf6 3.e5 Nd5 4.d4 cxd4 5.cxd4 d6 6.Nf3 Nc6 7.Bc4 Nb6 8.Bb3 dxe5
9.d5 Na5 10.Nc3 Nxb3 11.Qxb3 e6 12.Be3 exd5 13.Nxe5 Bd6 14.Qb5+ Kf8 15.Nf3 Be6
16.Rd1 Kg8 17.O-O h6 18.Rfe1 Rc8 19.a4 Bg4 20.a5 Bxf3 21.gxf3 Nc4 22.Rxd5 Qh4
23.Rh5 Qf6 24.Qxb7 Nxe3 25.Qxc8+ Kh7 26.Qh3 Nc2 27.Re4 Nd4 28.Kg2 Rb8 29.Rd5 Rb4
30.Qg4  1-0

[Event "Landesliga S9596 Bayern"]
[Site "Germany"]
[Date "1996.??.??"]
[Round "?"]
[White "Steinberg, Sven"]
[Black "Bonk, Markus"]
[Result "1/2-1/2"]
[WhiteElo "2005"]
[BlackElo "1970"]

1.e4 c5 2.c3 Nf6 3.e5 Nd5 4.d4 e6 5.Nf3 b6 6.c4 Nc7 7.d5 d6 8.Bd3 exd5 9.cxd5 dxe5
10.Nxe5 Bd6 11.Qa4+ Nd7 12.Nc6 Qf6 13.Qe4+ Kf8 14.O-O Ne5 15.Nxe5 Qxe5 16.Qxe5 Bxe5
17.Re1 f6 18.Nc3 Bb7 19.Be4  1/2-1/2

[Event "BL2-O9596"]
[Site "Germany"]
[Date "1996.??.??"]
[Round "?"]
[White "Braun, Gottfried"]
[Black "Jasnikowski, Zbigniew"]
[Result "0-1"]
[WhiteElo "2330"]
[BlackElo "2435"]

1.e4 c5 2.c3 Nf6 3.e5 Nd5 4.Nf3 e6 5.d4 cxd4 6.cxd4 b6 7.Nc3 Nxc3 8.bxc3 Qc7
9.Bd2 Bb7 10.Bd3 d6 11.O-O Nd7 12.Bf4 Be7 13.Re1 O-O 14.Rc1 Rad8 15.Qe2 Bxf3
16.Qxf3 dxe5 17.dxe5 Nc5 18.Bc2 Rd5 19.Rcd1 Rfd8 20.Rxd5 Rxd5 21.Rd1 Rxd1+
22.Qxd1 g6 23.Qd4 b5 24.Be3 a6 25.f4 Qa5 26.Qb4 Qxa2 27.Bxc5 Bxc5+ 28.Qxc5 Qxc2
29.Qd4 Kg7 30.g3 Qb1+ 31.Kg2 Qa2+ 32.Kh3 Qd5 33.Qa7 Qc6 34.Qe7 Qc8 35.Kh4 a5
36.g4 h6 37.Qf6+ Kg8 38.Qe7 a4 39.Qd6 Qa8 40.Kg3 Qd5 41.Qb4 g5  0-1

[Event "Oberliga Nord N9596"]
[Site "Germany"]
[Date "1996.??.??"]
[Round "?"]
[White "Engelbert, Christoph"]
[Black "Neukirch, Detlef"]
[Result "1-0"]
[WhiteElo "2270"]
[BlackElo "2310"]

1.e4 c5 2.c3 Nf6 3.e5 Nd5 4.d4 cxd4 5.cxd4 d6 6.Nf3 Nc6 7.Bc4 Nb6 8.Bb5 dxe5
9.Nxe5 Bd7 10.Nc3 Nxe5 11.dxe5 Bxb5 12.Nxb5 Qxd1+ 13.Kxd1 Nd5 14.Bd2 e6 15.Rc1 Kd7
16.Ke2 Be7 17.Nc3 Rhc8 18.Nxd5 exd5 19.Kd3 Ke6 20.f4 Rc6 21.Rxc6+ bxc6 22.b4 Rb8
23.Rc1 Rb6 24.a3 Ra6 25.Rc3 f6 26.Be3 fxe5 27.fxe5 g6 28.Bd4 Kf5 29.Rb3 Bg5
30.Ke2 Bf4 31.Rf3 Ke4 32.e6 c5 33.e7 Re6 34.Bxc5 d4 35.g3 Bg5 36.Rf7 d3+
37.Kd1 Be3 38.Rf8  1-0

[Event "Landesliga S9596 Bayern"]
[Site "Germany"]
[Date "1996.??.??"]
[Round "?"]
[White "Wuerdinger, Alexander"]
[Black "Kaiser, Guenter"]
[Result "0-1"]
[WhiteElo "2205"]
[BlackElo "2100"]

1.e4 c5 2.c3 Nf6 3.e5 Nd5 4.d4 cxd4 5.cxd4 d6 6.Nf3 Nc6 7.Be2 dxe5 8.Nxe5 Nxe5
9.dxe5 e6 10.O-O Be7 11.Bd2 Bd7 12.Nc3 Bc6 13.Nxd5 Qxd5 14.Bf3 Qxe5 15.Bc3 Qg5
16.Bxc6+ bxc6 17.Qa4 O-O 18.Qxc6 Bf6 19.Rac1 h6 20.f4 Qf5 21.Bxf6 Qxf6 22.Qc3 Qf5
23.Qe3 Qa5 24.a3 Rfd8 25.Rf2 Rd5 26.Rfc2 Rad8 27.b4 Qa6 28.h3 Rd3 29.Qf2 Qxa3
30.b5 Rd2 31.Qh4 Qe3+ 32.Kh2 Qe4 33.Rxd2 Rxd2 34.Rc8+ Kh7 35.Qg3 Qb7 36.Rc5 g6
37.h4 h5 38.Rg5 Qc7 39.Qe3 Rc2 40.Qe4 f5 41.Qd4 Rc4 42.Qd1 Qxf4+ 43.g3 Qf2+
44.Kh3 Rd4 45.Rxh5+ gxh5 46.Qxh5+ Kg7 47.Qg5+ Kf7 48.Qh5+ Ke7 49.Qg5+ Kd7
50.Qg7+ Kd6 51.Qf8+ Kd5 52.Qa8+ Ke5 53.Qh8+ Ke4 54.Qa8+ Ke3 55.Qxa7 Qf1+
56.Kh2 Kf3 57.Qa3+ Rd3 58.Qa8+ Kf2 59.Qa7+ Re3 60.Qa2+ Re2  0-1

[Event "Landesliga N9596 Bayern"]
[Site "Germany"]
[Date "1996.??.??"]
[Round "?"]
[White "Karlik, Jiri"]
[Black "Jirovsky, Petr"]
[Result "1-0"]
[WhiteElo "2300"]
[BlackElo "2230"]

1.e4 c5 2.c3 Nf6 3.e5 Nd5 4.d4 cxd4 5.cxd4 d6 6.exd6 Qxd6 7.Nc3 Nc6 8.Nf3 Bg4
9.Be2 e6 10.O-O Be7 11.Nb5 Qd8 12.Ne5 Bxe2 13.Qxe2 Qb6 14.Rd1 a6 15.Nc3 Nxc3
16.bxc3 Nxe5 17.Qxe5 O-O 18.Qe4 Bf6 19.Rb1 Qc7 20.Rd3 b5 21.g4 g6 22.g5 Bh8
23.a4 Qd7 24.Ba3 Rfe8 25.Qh4 e5 26.Bc5 Qf5 27.Qg3 exd4 28.cxd4 Re4 29.Rf3 Qd5
30.axb5 Bxd4 31.Bxd4 Qxd4 32.Rd3 Qc4 33.Rc3 Qe2 34.b6 Rg4 35.b7 Rxg3+ 36.hxg3 Qe8
37.Rbc1  1-0

[Event "Landesliga N9596 Bayern"]
[Site "Germany"]
[Date "1996.??.??"]
[Round "?"]
[White "Kraft, Volker"]
[Black "Fodre, Sandor"]
[Result "1-0"]
[WhiteElo "2260"]
[BlackElo "2275"]

1.e4 c5 2.c3 Nf6 3.e5 Nd5 4.d4 cxd4 5.Nf3 Nc6 6.Bc4 Nb6 7.Bb3 d5 8.exd6 Qxd6
9.O-O Bf5 10.Nxd4 Nxd4 11.cxd4 e6 12.Nc3 Be7 13.Qf3 O-O 14.d5 Bf6 15.dxe6 Bxe6
16.Ne4 Qe7 17.Re1 Bxb3 18.Qxb3 Rfe8 19.Nxf6+ Qxf6 20.Rxe8+ Rxe8 21.Be3 Qc6
22.h3 h6 23.Rc1 Qd6 24.a4 Qd5 25.Rc3 Re6 26.Rd3 Qa5 27.Rd8+ Kh7 28.Qd3+ Rg6
29.b3 Qb4 30.Rb8 Qe7 31.a5 Qc7 32.Qd8 Rc6 33.Qxc7 Rxc7 34.axb6 axb6 35.Kf1 b5
36.b4 g5 37.g4 f6 38.Bb6 Rd7 39.Rd8 Re7 40.Rd5 Re4  1-0

[Event "Landesliga N9596 Bayern"]
[Site "Germany"]
[Date "1996.??.??"]
[Round "?"]
[White "Stiller, Juergen"]
[Black "Jirovsky, Milos"]
[Result "0-1"]
[WhiteElo "2180"]
[BlackElo "2370"]

1.e4 c5 2.c3 Nf6 3.e5 Nd5 4.d4 cxd4 5.Nf3 Nc6 6.Bc4 Nb6 7.Bb3 d5 8.exd6 Qxd6
9.O-O Be6 10.cxd4 Bxb3 11.Qxb3 e6 12.Nc3 Qb4 13.d5 Qxb3 14.axb3 Nxd5 15.Nxd5 exd5
16.Rd1 O-O-O 17.Be3 a6 18.Bb6 Rd7 19.Nd4 Nxd4 20.Rxd4 Be7 21.Rad1 Bd8 22.Bc5 Bf6
23.Rxd5 Rxd5 24.Rxd5 Rd8 25.Bd6 b6 26.Rd2 Kb7 27.Kf1 Kc6 28.Bf4 Rxd2 29.Bxd2 Bxb2
30.Ke2 Kd5 31.Kd3 a5 32.f3 Be5 33.h3 Bc7 34.Bc3 b5 35.Bd2  0-1

[Event "Landesliga S9596 Bayern"]
[Site "Germany"]
[Date "1996.??.??"]
[Round "?"]
[White "Geberl, Hans Walter"]
[Black "Wehr, Stephan"]
[Result "1/2-1/2"]
[WhiteElo "2170"]
[BlackElo "2165"]

1.e4 c5 2.c3 Nf6 3.e5 Nd5 4.d4 cxd4 5.Nf3 Nc6 6.Bc4 Nb6 7.Bb3 d5 8.exd6 Qxd6
9.Na3 a6 10.O-O e6 11.cxd4 Be7 12.Qe2 O-O 13.Qe4 Nd5 14.Nc4 Qd8 15.Bc2 Nf6
16.Qh4 g6 17.Bg5 Nh5 18.Bxe7 Qxe7 19.Qe4 Nf6 20.Qe3 b5 21.Nce5 Bb7 22.Rad1 Nb4
23.Bb1 Bxf3 24.Qxf3 Rac8 25.a3 Nbd5 26.Nd3 Nd7 27.Rfe1 Qf6 28.Qg3 Rfd8 29.Ba2 N7b6
30.Nc5 a5 31.Nb7 Rd7 32.Nd6 Rc2 33.Ne4 Qd8 34.Qb3 Rdc7 35.Nc5 R2xc5 36.dxc5 Rxc5
37.Qd3 b4 38.h3 Qc7 39.axb4 axb4 40.Bb3 Qc8 41.Qd2 Qf8 42.Rc1 Rxc1 43.Rxc1 h6
44.Rc6 Kh7 45.h4 h5 46.g4 Qa8 47.Rxb6 Nxb6 48.gxh5 Qe4  1/2-1/2

[Event "Landesliga Nord 9697 Bayern"]
[Site "Germany"]
[Date "1996.??.??"]
[Round "?"]
[White "Appel, Helmut"]
[Black "Bunk, Karsten"]
[Result "1-0"]
[WhiteElo "2140"]
[BlackElo "2100"]

1.e4 c5 2.c3 Nf6 3.e5 Nd5 4.d4 cxd4 5.Qxd4 e6 6.Nf3 Nc6 7.Qe4 f5 8.exf6 Nxf6
9.Qh4 d5 10.Bd3 Bd6 11.Bg6+ Kd7 12.Bc2 Kc7 13.Na3 a6 14.O-O e5 15.c4 d4 16.Ng5 Qe7
17.f4 Bd7 18.fxe5 Nxe5 19.Bf4 h6 20.c5 Bxc5 21.Nf7 g5 22.Bxe5+ Qxe5 23.Qf2 Qxh2+
24.Kxh2 Ng4+ 25.Kg3 Nxf2 26.Rxf2 d3 27.Nxh8 Bxf2+ 28.Kxf2 dxc2 29.Ng6 Bf5
30.Ne7 Bh7 31.Nd5+ Kd6 32.Ne3 Rc8 33.Rc1 Bg8 34.b3 b5 35.Rxc2 Rf8+ 36.Ke2 Bh7
37.Rd2+ Kc5 38.Nac2 Be4 39.b4+ Kc6 40.Nd4+ Kb6 41.Ne6 Re8 42.Rd6+ Ka7 43.Rxa6+ Kxa6
44.Nc7+ Kb6 45.Nxe8 Kc6 46.a3 Bg6 47.Nf6 Kd6 48.g4 Ke5 49.Nh5 Kd4 50.Nf5+ Kc3
51.Ke3 Kb3 52.Kd4 Kxa3 53.Kc5 Ka4 54.Nxh6 Bd3 55.Nf7 Be2 56.Nf6  1-0

[Event "NRW-Liga II 9596"]
[Site "Germany"]
[Date "1996.??.??"]
[Round "?"]
[White "Mukhametov, Eldar"]
[Black "Richter, Wolfgang"]
[Result "1/2-1/2"]
[WhiteElo "2515"]
[BlackElo "2465"]

1.e4 c5 2.c3 Nf6 3.e5 Nd5 4.d4 cxd4 5.Nf3 d6 6.cxd4 Nc6 7.Bc4 Nb6 8.Bb5 dxe5
9.Nxe5 Bd7 10.Bxc6 Bxc6 11.Nxc6 bxc6 12.O-O g6 13.Re1 Bg7 14.Bg5 O-O 15.Bxe7 Qxd4
16.Qxd4 Bxd4 17.Nd2 Rfe8 18.Ba3 Bg7 19.Kf1 Rxe1+ 20.Kxe1 Re8+ 21.Kd1 Na4
22.Rb1 f5 23.f3 Rb8 24.Kc2 Re8 25.Rg1 Re2 26.Kd3 Rf2 27.Ke3 Bd4+ 28.Kxd4 Rxd2+
29.Ke3 Rc2 30.Kd3 Rf2 31.Ke3 Rc2 32.Kd3 Rf2 33.Ke3  1/2-1/2

[Event "NRW-Liga II 9596"]
[Site "Germany"]
[Date "1996.??.??"]
[Round "?"]
[White "Lauzeningks, Jan"]
[Black "Kaid, Almar"]
[Result "1/2-1/2"]
[WhiteElo "2285"]
[BlackElo "2155"]

1.e4 c5 2.c3 Nf6 3.e5 Nd5 4.Nf3 e6 5.d4 cxd4 6.cxd4 b6 7.Bd3 Bb4+ 8.Bd2 Bxd2+
9.Qxd2 Ba6 10.Bxa6 Nxa6 11.O-O O-O 12.Nc3 Nac7 13.Rfe1 f6 14.Rac1 fxe5 15.Nxe5 Nxc3
16.bxc3 b5 17.a4 a6 18.Ra1 d6 19.Nc6 Qd7 20.axb5 axb5 21.Nb4 Ra4  1/2-1/2

[Event "Bundesliga 9697"]
[Site "Germany"]
[Date "1996.??.??"]
[Round "?.4"]
[White "Mann, Christian"]
[Black "Wells, Peter K"]
[Result "1/2-1/2"]
[WhiteElo "2440"]
[BlackElo "2475"]

1.e4 c5 2.c3 Nf6 3.e5 Nd5 4.d4 cxd4 5.cxd4 b6 6.Qf3 e6 7.Nc3 Bb7 8.Bc4 Bb4
9.Qg3 Ne7 10.Bd3 d6 11.Ne2 dxe5 12.dxe5 Ng6 13.O-O Nc6 14.Nf4 Qh4 15.Qxh4 Nxh4
16.Be4 Bxc3 17.bxc3 O-O-O 18.Ba3 g5 19.Nd3 Na5 20.Bxb7+ Kxb7 21.Rad1 Ng6
22.Bc1 h6 23.f4 gxf4 24.Bxf4 Kc8 25.Bg3 Rd7 26.Nf2 Nc6 27.Rde1 h5 28.Ne4 h4
29.Nd6+ Kb8 30.Bf4 f5 31.Bg5 Ngxe5 32.Bf6 Rh6 33.Bxe5 Nxe5 34.Nxf5 exf5 35.Rxe5 Rd2
36.Rfxf5 Rg6 37.Rg5 Rf6 38.Ref5 Rxf5 39.Rxf5 Rxa2 40.Rf4 a5 41.Rxh4 Ra1+
42.Kf2 Ra2+ 43.Kg1 Ra1+ 44.Kf2  1/2-1/2

[Event "NRW-Liga I 9596"]
[Site "Germany"]
[Date "1996.??.??"]
[Round "?"]
[White "Heppekausen, Jochen"]
[Black "Wilde, Pierre"]
[Result "1/2-1/2"]
[WhiteElo "2295"]
[BlackElo "2290"]

1.e4 c5 2.c3 Nf6 3.e5 Nd5 4.d4 cxd4 5.Nf3 e6 6.cxd4 b6 7.Nc3 Nxc3 8.bxc3 Qc7
9.Bd2 Be7 10.Bd3 Ba6 11.Bxa6 Nxa6 12.Qa4 Nb8 13.O-O O-O 14.Rac1 d6 15.c4 Nd7
16.Bb4 Rfd8 17.Qa3 Nf8 18.exd6 Bxd6 19.Bxd6 Rxd6 20.c5 Rd5 21.Rc4 Rad8 22.c6 Ng6
23.g3 h5 24.h4 Ne7 25.Rfc1 Nf5 26.Kg2 Nd6 27.R4c2  1/2-1/2

[Event "BL9697 (Women)"]
[Site "Germany"]
[Date "1996.??.??"]
[Round "?"]
[White "Jahn, Constanze"]
[Black "Litinskaya, Marta I"]
[Result "0-1"]
[WhiteElo "2225"]
[BlackElo "2355"]

1.e4 c5 2.c3 Nf6 3.e5 Nd5 4.d4 cxd4 5.Nf3 e6 6.Bc4 Nb6 7.Bb3 dxc3 8.Nxc3 d5
9.O-O Nc6 10.a3 Be7 11.Qd3 Nd7 12.Qe2 a6 13.Bf4 O-O 14.Rad1 Kh8 15.Bc2 Re8
16.h4 Bxh4 17.g3 Be7 18.Kg2 Nf8 19.Ne4 dxe4 20.Rxd8 exf3+ 21.Qxf3 Bxd8 22.Bxh7 Kxh7
23.Qh5+ Kg8 24.Rh1 Ng6 25.Be3 b6 26.Qh7+ Kf8 27.Rd1 Ncxe5 28.f4 Bb7+ 29.Kg1 Ng4
30.Bd4 Nf6 31.Qh3 Rc8 32.Bc3 Be7 33.g4 Rxc3 34.bxc3 Bc5+ 35.Kf1 Nxf4 36.Qg3 g5  0-1

[Event "BL9697 (Women)"]
[Site "Germany"]
[Date "1996.??.??"]
[Round "?"]
[White "Jahn, Constanze"]
[Black "Heyme, Sibylle"]
[Result "1-0"]
[WhiteElo "2225"]
[BlackElo "2140"]

1.e4 c5 2.c3 Nf6 3.e5 Nd5 4.d4 cxd4 5.Nf3 Nc6 6.Bc4 Nb6 7.Bb3 d5 8.exd6 Qxd6
9.Na3 a6 10.cxd4 Be6 11.O-O g6 12.Re1 Bd5 13.Ne5 Bg7 14.Bf4 O-O 15.Nxc6 Qxc6
16.Rc1 Qd7 17.Rc7 Qf5 18.Bg3 e6 19.Rc5 Rac8 20.Bxd5 Nxd5 21.Nc4 Rxc5 22.dxc5 Bf6
23.Nd6 Qg5 24.Ne4 Qf5 25.Nxf6+ Qxf6 26.Qb3 Qd8 27.Qxb7 Qa5 28.Rc1 Qd2 29.Rf1 Qc2
30.h3 Qxc5 31.Qxa6 Nb4 32.Qd6 Qb5 33.Rd1 Nxa2 34.Qd4 Nb4 35.Qf6 Nc6 36.Rd6  1-0

[Event "NRW-Liga II 9697"]
[Site "Germany"]
[Date "1996.??.??"]
[Round "4.2"]
[White "Bojkovic, Natasa"]
[Black "Lingnau, Carsten"]
[Result "1/2-1/2"]
[WhiteElo "2400"]
[BlackElo "2390"]

1.e4 c5 2.c3 Nf6 3.e5 Nd5 4.Nf3 d6 5.d4 cxd4 6.Qxd4 e6 7.Bc4 Nc6 8.Qe4 dxe5
9.Nxe5 Bd6 10.Nf3 O-O 11.O-O Qc7 12.Re1 Nce7 13.Bd3 Ng6 14.Nbd2 b6 15.Qc4 Qd7
16.Ne4 Be7 17.Neg5 Nf6 18.Bc2 Bb7 19.Rd1 Qc6 20.Qxc6 Bxc6 21.Be3 Nd5 22.Bc1 Rfd8
23.Bxg6 fxg6 24.Nxe6 Rd6 25.Ned4 Bb7 26.Re1 Bf6 27.Bg5 Bxd4 28.Nxd4 a6 29.Re5 h6
30.Bh4 b5 31.a3 Rc8 32.Rae1 Kh7 33.Bg3 Rd7 34.f3 Rf8 35.Ne6 Rc8 36.h3 Kg8
37.Nd4 Kf7 38.Re6 Re7 39.Rxe7+ Nxe7 40.Kf2 Nf5 41.Nc2 Rd8 42.Bf4 g5 43.Bc1 Rd7
44.Be3 Bd5 45.Nb4 Bb7 46.Nc2 Bd5 47.g4 Ne7 48.Bc5 Nc6 49.Rd1 Be6 50.Rxd7+ Bxd7
51.Bd4 Be6 52.Nb4 Nxb4 53.axb4 Bd5 54.Kg3 Bb7 55.Kf2 Bc6 56.Ke2 Bb7 57.Bf2 Bd5
58.h4 gxh4 59.Bxh4 g5 60.Bf2 Bb7 61.Bc5 Bd5 62.Ke3 Bb7 63.f4 gxf4+ 64.Kxf4 Bc8
65.Be3 Bd7 66.b3 Be6 67.Ke5 Bxb3 68.Bxh6 Kg6 69.Be3 Bc4  1/2-1/2

[Event "Glorney Cup"]
[Site "Glenalmond"]
[Date "1996.??.??"]
[Round "1"]
[White "Croonenborghs, Tom"]
[Black "Roser, Kevin"]
[Result "1/2-1/2"]
[WhiteElo "2140"]
[BlackElo "2210"]

1.e4 c5 2.c3 Nf6 3.e5 Nd5 4.d4 cxd4 5.Nf3 Nc6 6.Bc4 Nb6 7.Bb3 d5 8.exd6 Qxd6
9.O-O Be6 10.Bxe6 Qxe6 11.Nxd4 Nxd4 12.Qxd4 Rd8 13.Qh4 Qe2 14.Nd2 h5 15.h3 g5
16.Qg3 g4 17.Nb3 gxh3 18.Qxh3 Nc4 19.Nd4 Qg4 20.Qxg4 hxg4 21.b3 Rd5 22.f3 Bg7
23.Rd1 Nd6 24.Bf4 gxf3 25.Nxf3 Rxd1+ 26.Rxd1 Bxc3 27.Bxd6 exd6 28.Rxd6 Bb4
29.Rd5 b6 30.g4 Rh6 31.Kg2 Rc6 32.Re5+ Kf8 33.Re2 Kg7 34.Nd4 Rc1 35.Rc2 Rxc2+
36.Nxc2 Bc5 37.Kf3 Kf6 38.Kf4 Bd6+ 39.Ke4 Kg5 40.Ne3 Bc5 41.Nf5 Bf8 42.Kf3  1/2-1/2

[Event "Goch op"]
[Site "Goch"]
[Date "1996.??.??"]
[Round "7"]
[White "Esser, Norbert"]
[Black "Rosskothen, Arnd"]
[Result "1-0"]
[WhiteElo "2220"]
[BlackElo "2055"]

1.e4 c5 2.c3 Nf6 3.e5 Nd5 4.Bc4 Nb6 5.Bb3 Nc6 6.d4 cxd4 7.cxd4 d5 8.exd6 Qxd6
9.Nf3 Bg4 10.Bxf7+ Kxf7 11.Ng5+ Ke8 12.Qxg4 Qxd4 13.Qe2 Qc4 14.Qxc4 Nxc4
15.Nc3 h6 16.Ne6 Kf7 17.Nxf8 Rhxf8 18.O-O Rad8 19.b3 N4e5 20.Ne4 Rd5 21.f3 Rfd8
22.Be3 Nd3 23.Rfd1 b5 24.Rd2 a5 25.Kf1 a4 26.bxa4 bxa4 27.Nc3 Rh5 28.Rad1 Nce5
29.h3 Rc8 30.Rxd3 Nxd3 31.Rxd3 Ra5 32.Ke2 Rb8 33.Bc1 Ke6 34.Ba3 Rc8 35.Bb4 Ra7
36.a3 Kf7 37.Rd4 e6 38.Kd3 Ra6 39.h4 g5 40.hxg5 hxg5 41.Ne4 Kg6 42.Nc5 Rac6
43.Nxa4 Rc1 44.Nc3 Rg1 45.Rg4 Rd8+ 46.Ke2 Rc1 47.Ne4 Rc2+ 48.Ke3 Rd5 49.Be7 Rb2
50.Bxg5 Rb3+ 51.Kf2 Kf7 52.Rf4+ Rf5 53.Nd6+ Kg6 54.Nxf5 Kxg5 55.Rb4 Rxa3
56.Nd6  1-0

[Event "Goetzis op"]
[Site "Goetzis"]
[Date "1996.??.??"]
[Round "4"]
[White "Hauser, Robert"]
[Black "Srienz, Christian"]
[Result "0-1"]
[WhiteElo "1660"]
[BlackElo "2095"]

1.e4 c5 2.c3 Nf6 3.e5 Nd5 4.d4 cxd4 5.Qxd4 e6 6.Nf3 Nc6 7.Qe4 f5 8.exf6 Nxf6
9.Qc2 d5 10.Bb5 Bd6 11.Nd4 Bd7 12.Bxc6 bxc6 13.Bg5 O-O 14.Nd2 Qe8 15.O-O-O c5
16.Ne2 Ng4 17.Bh4 Nxf2 18.Bxf2 Rxf2 19.Rhe1 Rxg2 20.c4 Qh5 21.Ng3 Bxg3 22.hxg3 Rxg3
23.Ne4 Rg4 24.cxd5 exd5 25.Rh1 Qg6 26.Nf6+ gxf6  0-1

[Event "Goetzis op"]
[Site "Goetzis"]
[Date "1996.??.??"]
[Round "7"]
[White "Ranzinger, M."]
[Black "Studer, Kurt"]
[Result "1-0"]
[WhiteElo "1950"]
[BlackElo "1720"]

1.e4 c5 2.c3 Nf6 3.e5 Nd5 4.d4 cxd4 5.cxd4 d6 6.Bc4 Nb6 7.Bb3 dxe5 8.Qf3 e6
9.dxe5 Bb4+ 10.Bd2 Bxd2+ 11.Nxd2 Qd4 12.Qg3 O-O 13.O-O-O Nc6 14.Ngf3 Qc5+
15.Kb1 Na5 16.Ne4 Qe7 17.Nf6+ Kh8 18.Nxh7 Rd8 19.Nf6 gxf6 20.Qh4+ Kg8 21.exf6 Rxd1+
22.Rxd1 Qc7 23.Qg5+  1-0

[Event "Goetzis op"]
[Site "Goetzis"]
[Date "1996.??.??"]
[Round "8"]
[White "Mutzner, Andreas"]
[Black "Siegmund, Rainer"]
[Result "1/2-1/2"]
[WhiteElo "2190"]
[BlackElo "2210"]

1.e4 c5 2.c3 Nf6 3.e5 Nd5 4.d4 cxd4 5.Qxd4 e6 6.Nf3 Nc6 7.Qe4 f5 8.Qe2 d6
9.Qc4 dxe5 10.Nbd2 Nf4 11.Nxe5 Nxe5 12.Qxf4 Nd3+ 13.Bxd3 Qxd3 14.Nc4 Be7
15.Ne5 Qa6 16.h4 Bd6 17.Be3 Bd7 18.Qd4 Bxe5 19.Qxe5 Qb5 20.Qxb5 Bxb5 21.Bd4 Kf7
22.O-O-O Bc6 23.Rhe1 Rhg8 24.Be5 Rad8 25.Rxd8 Rxd8 26.f3 g6 27.Kc2 Bb5 28.Bd4 a6
29.Re5 Rd5 30.Kd2 Rxe5 31.Bxe5 Bf1 32.g3 Bb5 33.Ke3 Ke7 34.Kd4 Bc6 35.f4 Kd7
36.Kc5 Be4 37.a4 Bg2 38.Kb6 Be4 39.b4 Kc8 40.c4 Bd3 41.c5 Be4 42.b5 axb5
43.axb5 Kd7 44.Ka5 Kc8 45.Kb4 Kd7 46.Kc4 Bf3 47.Kd4 Be2 48.b6 Bf3 49.Bd6  1/2-1/2

[Event "Graz op"]
[Site "Graz"]
[Date "1996.??.??"]
[Round "?"]
[White "Baumegger, Siegfried"]
[Black "Palos, Osman"]
[Result "0-1"]
[WhiteElo "2265"]
[BlackElo "2340"]

1.e4 c5 2.c3 Nf6 3.e5 Nd5 4.d4 e6 5.Nf3 cxd4 6.cxd4 d6 7.Nc3 dxe5 8.Nxe5 Bb4
9.Bd2 O-O 10.Bd3 Nf6 11.Bg5 Be7 12.O-O Nbd7 13.Re1 Nb6 14.Re3 g6 15.Bh6 Re8
16.Bb5 Bd7 17.Nxd7 Nfxd7 18.d5 e5 19.d6 Bg5 20.Bxg5 Qxg5 21.Nd5 Red8 22.Bxd7 Nxd7
23.Rc1 Kg7 24.Rc7 Rab8 25.g3 Qf5 26.Nc3 Qe6 27.f4 Qf5 28.fxe5 Re8 29.Qd4 Qe6
30.Nd5 Nxe5 31.Ne7 f6 32.Nc6+ Kg8 33.Nxb8 Rxb8 34.d7 Rd8 35.Rc8 Rxc8 36.dxc8=Q+ Qxc8
37.Qd5+ Kg7 38.Rc3 Qb8 39.Qe6 Qd8 40.Qb3 Qd4+ 41.Kf1 Ng4 42.Qxb7+ Kh6 43.Ke2 Qf2+
44.Kd1 Ne3+ 45.Rxe3 Qxe3 46.Qg2 g5 47.g4 Kg7 48.Qe2 Qc5 49.b3 h5 50.gxh5 f5
51.h3 Qd6+ 52.Kc2 f4 53.Qe4 Kh6 54.b4 Kxh5 55.a4 Kh4 56.Qf5 Kg3 57.Qg4+ Kf2
58.Qxg5 Qxb4 59.a5 f3 60.Kd3 Kf1 61.h4 f2 62.h5 Qb1+ 63.Kc3 Qe1+ 64.Kd3 Qe2+
65.Kc3 Qf3+ 66.Kc2 Qe4+ 67.Kc3 Ke2 68.Qd2+ Kf3  0-1

[Event "GRE-ch95"]
[Site "GRE"]
[Date "1996.??.??"]
[Round "2"]
[White "Pandavos, Panayotis"]
[Black "Grivas, Efstratios"]
[Result "0-1"]
[WhiteElo "2375"]
[BlackElo "2475"]

1.e4 c5 2.c3 Nf6 3.e5 Nd5 4.d4 cxd4 5.Nf3 Nc6 6.cxd4 d6 7.Bc4 e6 8.O-O Be7
9.Qe2 O-O 10.Rd1 Nb6 11.Bb3 d5 12.a3 Bd7 13.Nc3 Rc8 14.Bc2 f5 15.exf6 gxf6
16.Qd3 Rf7 17.Re1 Nc4 18.Ne2 Qa5 19.Bd2 Nxb2 20.Qb3 Qb6 21.Qa2 Nc4 22.Rab1 Qc7
23.Bb4 Nxb4 24.axb4 a6 25.Bd3 Bd6 26.g3 Qb6 27.Rec1 Bxb4 28.Bxc4 dxc4 29.Rxc4 Rxc4
30.Qxc4 a5 31.Nf4 Qc6 32.Qd3 Qd6 33.Qe3 Bc6 34.Rc1 Qd7 35.Nh4 Re7 36.Nh5 Rf7
37.Qh6 Be7 38.Nf4 Qxd4 39.Nxe6 Qe4 40.Rxc6 bxc6 41.Nf4 Bf8 42.Qh5 Rb7 43.Nf3 a4
44.Kg2 a3  0-1

[Event "SLO-ch"]
[Site "Grize"]
[Date "1996.??.??"]
[Round "?"]
[White "Praznik, Niko"]
[Black "Krumpacnik, Domen"]
[Result "0-1"]
[WhiteElo "2145"]
[BlackElo "2385"]

1.e4 c5 2.c3 Nf6 3.e5 Nd5 4.Nf3 Nc6 5.d4 cxd4 6.cxd4 d6 7.Bc4 Nb6 8.Bb5 d5
9.h3 Bf5 10.Nc3 e6 11.O-O Be7 12.b3 O-O 13.Bb2 a6 14.Bd3 Bg6 15.Ne1 Rc8 16.Ne2 Nb4
17.Bxg6 fxg6 18.Nd3 Qe8 19.Nxb4 Bxb4 20.a3 Be7 21.Qd3 Qf7 22.Rac1 Rxc1 23.Bxc1 Rc8
24.a4 Qf5 25.Rd1 Nd7 26.Qxf5 gxf5 27.Rd3 Nb8 28.Rc3 Rxc3 29.Nxc3 Nc6 30.Ne2 Na5
31.Bd2 Nxb3 32.Bc3 b5 33.axb5 axb5 34.Nf4 b4 35.Bb2 Kf7 36.Kf1 Na5 37.Ke2 g5
38.Nd3 Ke8 39.Bc1 Kd7 40.Bd2 Nc6 41.Nc5+ Bxc5 42.dxc5 b3 43.Bc3 Na5 44.Kd2 Nc4+  0-1

[Event "Koop Tjuchem op"]
[Site "Groningen"]
[Date "1996.??.??"]
[Round "7"]
[White "Hedke, Fred"]
[Black "Brenninkmeijer, Joris"]
[Result "0-1"]
[WhiteElo "2380"]
[BlackElo "2505"]

1.e4 c5 2.c3 Nf6 3.e5 Nd5 4.d4 cxd4 5.Bc4 Qc7 6.Qe2 Nb6 7.Bd3 Nc6 8.Nf3 d6
9.exd6 Qxd6 10.Nxd4 Nxd4 11.cxd4 g6 12.Nc3 Bg7 13.O-O O-O 14.Rd1 Bd7 15.Be4 Bc6
16.Bxc6 Qxc6 17.Qxe7 Bxd4 18.Bh6 Rfe8 19.Qh4 Bf6 20.Bg5 Bxc3 21.bxc3 Nd5
22.Rd3 Re5 23.Bd2 Nf6 24.Rd1 Rae8 25.h3 Ne4 26.Be3 Nxc3 27.R1d2 Nd5 28.Bd4 Re1+
29.Kh2 Qc7+ 30.Qg3 Qc1 31.Qd6 Rh1+ 32.Kg3 Ne7 33.Qf6 Nf5+ 34.Kf3 Rxh3+ 35.gxh3 Qh1+
36.Kg4 Qg2+ 37.Rg3 Re4+  0-1

[Event "Haarlem op"]
[Site "Haarlem"]
[Date "1996.??.??"]
[Round "4"]
[White "Lalic, Susan"]
[Black "Szekely, Peter"]
[Result "1/2-1/2"]
[WhiteElo "2305"]
[BlackElo "2435"]

1.e4 c5 2.c3 Nf6 3.e5 Nd5 4.d4 cxd4 5.Nf3 d6 6.cxd4 Nc6 7.Bc4 dxe5 8.Bxd5 Qxd5
9.Nc3 Qd6 10.d5 Nd4 11.Nxd4 exd4 12.Qxd4 e5 13.Qd3 Bd7 14.O-O f5 15.Re1 Kf7
16.a4 e4 17.Qe2 Qf6 18.Bf4 Bd6 19.Bxd6 Qxd6 20.Qh5+ Qg6 21.Qh4 Qf6 22.Qxf6+ Kxf6
23.f3 exf3 24.gxf3 g5 25.d6 Bc6 26.Kf2 Rhe8 27.b4 g4 28.fxg4 fxg4 29.Kg3 h5
30.Nb5 Rxe1 31.Rxe1 Rd8 32.Kh4 Bxb5 33.axb5 Rxd6 34.Kxh5 Rd2 35.Kxg4 Rxh2
36.Ra1 Ke5 37.Rxa7 Rh7 38.Kf3 Kd4 39.b6 Re7 40.Ra5 Kc4 41.Rc5+ Kxb4 42.Rc7 Re5
43.Rxb7 Kb5  1/2-1/2

[Event "Union de Reyes"]
[Site "Havana"]
[Date "1996.??.??"]
[Round "5"]
[White "Espinosa, Julio"]
[Black "Suri, Alberto"]
[Result "1-0"]
[WhiteElo "2335"]
[BlackElo "2290"]

1.e4 c5 2.c3 Nf6 3.d3 g6 4.Nf3 Bg7 5.Be2 O-O 6.O-O d6 7.Nbd2 Nc6 8.Re1 Rb8
9.d4 e5 10.dxe5 dxe5 11.Bb5 Bd7 12.Bxc6 Bxc6 13.Nxe5 Bxe4 14.Nxe4 Nxe4 15.Bf4 Qxd1
16.Raxd1 Rbd8 17.Nd7 Rfe8 18.f3 g5 19.Bc1 Nd6 20.Nxc5 Rxe1+ 21.Rxe1 h6 22.Rd1 b6
23.Ne4 Nb7 24.Rxd8+ Nxd8 25.Nd6 Bf8 26.Nb5 a6 27.Nc7 Bc5+ 28.Kf1 a5 29.h4 f6
30.Ke2 Kf7 31.hxg5 fxg5 32.g4 Nc6 33.Be3 Ne5 34.b3 Nd7 35.Bxc5 bxc5 36.Ke3 Ke7
37.Ke4 Kd6 38.Ne8+ Ke7 39.Ng7 Kf6 40.Nf5 Ke6 41.Nxh6 Nf6+ 42.Ke3 Nd5+ 43.Kd3 Nb6
44.c4 Nd7 45.Nf5 Ne5+ 46.Ke4 Nc6 47.Ne3 Nb4 48.a3 Na2 49.Nf1 Nc1 50.Nd2 Ne2
51.Ke3 Nc1 52.Ne4 Nxb3 53.Nxg5+ Ke7 54.Ne4 a4 55.f4 Na5 56.Kd3 Nb7 57.Nc3  1-0

[Event "Union de Reyes"]
[Site "Havana"]
[Date "1996.??.??"]
[Round "7"]
[White "Espinosa, Julio"]
[Black "Lopez, C."]
[Result "1-0"]
[WhiteElo "2335"]
[BlackElo "2370"]

1.e4 c5 2.c3 Nf6 3.d3 Nc6 4.f4 g6 5.g3 d6 6.Bg2 Bg7 7.Nh3 O-O 8.O-O c4 9.Nf2 cxd3
10.Qxd3 Be6 11.Be3 Rc8 12.Nd2 Qa5 13.a4 Rfd8 14.Qe2 Qa6 15.Bf3 Qxe2 16.Bxe2 Nd7
17.g4 f5 18.Nf3 Na5 19.gxf5 gxf5 20.Ng5 Bc4 21.Rae1 fxe4 22.Nfxe4 h6 23.Bxc4+ Rxc4
24.Ne6 Re8 25.Ng3 Bf6 26.Nf5 Kh7 27.Bd4 Rxa4 28.Kh1 Nc6 29.Bxf6 Nxf6 30.Rf3 Kg6
31.Neg7 Rh8 32.Rg3+ Kf7 33.Rxe7+ Nxe7 34.Nxd6+ Kg8 35.Ne6+  1-0